Les architectes du temps

Đã lưu trong:
書目詳細資料
格式: 圖書
語言:Undetermined
出版: Suisse EBEL 1990
主題:
Art
標簽: 添加標簽
沒有標簽, 成為第一個標記此記錄!
Thư viện lưu trữ: Trung tâm Học liệu Trường Đại học Cần Thơ
LEADER 00398nam a2200169Ia 4500
001 CTU_78457
008 210402s9999 xx 000 0 und d
082 |a 739.3 
082 |b A673 
245 0 |a Les architectes du temps 
245 0 |c EBEL 
260 |a Suisse 
260 |b EBEL 
260 |c 1990 
650 |a Watches 
650 |x Art 
980 |a Trung tâm Học liệu Trường Đại học Cần Thơ